[Event "Junior Online 4NCL Division 4"]
[Site "online"]
[Date "2020.11.12"]
[Round "7.157"]
[White "Walsh, Cole"]
[Black "Popat, Imara"]
[Result "1-0"]
[WhiteElo "1478"]
[BlackElo "1285"]
[PlyCount "43"]
[EventDate "2020.11.12"]
[WhiteTeam "Wanstead Warriors"]
[BlackTeam "May The Fork Be With You 4"]

1. e4 e5 2. Nf3 Nc6 3. c3 Nf6 4. d4 Nxe4 5. d5 Na5 6. b4 Nc4 7. Bxc4 Be7 8.
Nxe5 d6 9. Nf3 O-O 10. O-O Bg4 11. Re1 Bf6 12. Rxe4 Bxf3 13. Qxf3 Re8 14. Bb2
c6 15. dxc6 bxc6 16. Nd2 Rxe4 17. Nxe4 Bh4 18. Qxf7+ Kh8 19. b5 d5 20. Bb3 dxe4
21. c4 Qd2 22. Qxg7# 1-0

[Event "Junior Online 4NCL Division 4"]
[Site "online"]
[Date "2020.11.12"]
[Round "7.158"]
[White "Patel, Amya Hetal"]
[Black "Wong, Joseph"]
[Result "0-1"]
[WhiteElo "1247"]
[BlackElo "1299"]
[PlyCount "70"]
[EventDate "2020.11.12"]
[WhiteTeam "May The Fork Be With You 4"]
[BlackTeam "Wanstead Warriors"]

1. e4 d5 2. d3 dxe4 3. dxe4 Qxd1+ 4. Kxd1 Nc6 5. Bd2 e6 6. Be2 Bd6 7. Nf3 Nf6
8. Nc3 Ng4 9. Rf1 Nxh2 10. Nxh2 Bxh2 11. Bf3 Bd6 12. Ke2 Nd4+ 13. Ke1 Nxc2+ 14.
Ke2 Nxa1 15. Rxa1 b6 16. Re1 Ba6+ 17. Kd1 Rd8 18. e5 Bb4 19. Bc6+ Kf8 20. a3
Bxc3 21. bxc3 h5 22. Re3 h4 23. Rf3 Rh5 24. Be4 Rxe5 25. Bg6 f6 26. Rxf6+ gxf6
27. f4 Be2+ 28. Kc2 Red5 29. f5 Rxd2+ 30. Kc1 exf5 31. Bxf5 Bd3 32. Bxd3 R8xd3
33. g3 h3 34. a4 h2 35. g4 h1=Q# 0-1

[Event "Junior Online 4NCL Division 4"]
[Site "online"]
[Date "2020.11.12"]
[Round "7.161"]
[White "Kammin, Samuel"]
[Black "Man, Felix"]
[Result "1-0"]
[WhiteElo "1697"]
[BlackElo "940"]
[PlyCount "199"]
[EventDate "2020.11.12"]
[WhiteTeam "Farnham Fantasticos"]
[BlackTeam "Muswell Hill Primary"]

1. d4 d5 2. Nf3 Nf6 3. c4 c6 4. g3 e6 5. Bg2 c5 6. cxd5 exd5 7. O-O Be7 8. Nc3
Be6 9. Qb3 Qc7 10. Bf4 Qb6 11. Qxb6 axb6 12. a4 Nc6 13. Nb5 O-O 14. Nc7 Rac8
15. Rfd1 Nh5 16. Nxe6 fxe6 17. Be3 Ra8 18. Bh3 Rf6 19. Bg5 Rg6 20. Bxe7 Nxe7
21. Ne5 Rf6 22. Nd7 Rf7 23. dxc5 bxc5 24. Nxc5 Rc8 25. Nxb7 Rf6 26. a5 Nc6 27.
a6 Ra8 28. Rdc1 Nd4 29. Kf1 Nb3 30. Nc5 Nxc1 31. Rxc1 e5 32. Bg4 g6 33. Nd7
Rfxa6 34. Nxe5 Ra1 35. Rxa1 Rxa1+ 36. Kg2 Rb1 37. Bf3 Rxb2 38. Bxd5+ Kg7 39.
Bf3 Kf6 40. Nd3 Rb3 41. Bxh5 gxh5 42. Nf4 Kg5 43. h4+ Kf5 44. Nxh5 Rb2 45. Kf3
Rb3+ 46. e3 Rb4 47. Nf4 Ra4 48. g4+ Kf6 49. Nd5+ Ke5 50. Nf4 Kf6 51. Kg3 Rb4
52. f3 Rb3 53. e4 Rb1 54. Nh5+ Kg6 55. Kf4 Rh1 56. Kg3 Rg1+ 57. Kh2 Rf1 58. Kg2
Rc1 59. Ng3 Rc2+ 60. Kh3 Rc3 61. Kg2 Rc2+ 62. Kh3 Rc3 63. f4 Rf3 64. h5+ Kg7
65. f5 Kf6 66. Kh4 Rf4 67. h6 Rf2 68. g5+ Kf7 69. Kg4 Rg2 70. Kf3 Rc2 71. Ne2
Rc6 72. Nf4 Rc1 73. g6+ hxg6 74. fxg6+ Kg8 75. Kg4 Rg1+ 76. Kf5 Rf1 77. e5 Rh1
78. h7+ Kg7 79. Ne6+ Kh8 80. Kf6 Rf1+ 81. Ke7 Re1 82. Kd6 Rg1 83. Nf4 Rg4 84.
Nh5 Rxg6+ 85. Nf6 Rg7 86. e6 Ra7 87. e7 Rxe7 88. Kxe7 Kg7 89. Ke6 Kh8 90. Kf5
Kg7 91. Kg5 Kf7 92. h8=Q Ke7 93. Qe8+ Kd6 94. Kf5 Kc5 95. Qd7 Kc4 96. Ke4 Kc3
97. Qc6+ Kd2 98. Qc4 Kd1 99. Ke3 Ke1 100. Qc1# 1-0

[Event "Junior Online 4NCL Division 4"]
[Site "online"]
[Date "2020.11.12"]
[Round "7.162"]
[White "Shetty, Ahan"]
[Black "Warren, Archie"]
[Result "0-1"]
[WhiteElo "1000"]
[BlackElo "1450"]
[PlyCount "110"]
[EventDate "2020.11.12"]
[WhiteTeam "Muswell Hill Primary"]
[BlackTeam "Farnham Fantasticos"]

1. e4 c5 2. Nf3 d6 3. Bc4 e6 4. Bb5+ Nd7 5. e5 a6 6. Ba4 b5 7. Bb3 d5 8. c4
bxc4 9. Ba4 Be7 10. b3 cxb3 11. axb3 f6 12. Bb2 Rb8 13. O-O c4 14. d4 Qb6 15.
Nbd2 Bb4 16. Ba3 Bxd2 17. Nxd2 Qxd4 18. Nf3 Qxd1 19. Rfxd1 cxb3 20. Rab1 a5 21.
Rxb3 Rxb3 22. Bxb3 Nxe5 23. Nxe5 fxe5 24. Bb2 Ne7 25. Bxe5 O-O 26. Bc3 Nf5 27.
Bxa5 Bb7 28. Bb4 Rd8 29. h3 Kf7 30. Ba5 Rb8 31. Bc7 Rc8 32. Be5 Ba6 33. g4 Nh6
34. Rf1 Bxf1 35. Kxf1 g6 36. Bf4 Ng8 37. h4 Nf6 38. g5 Nh5 39. Be5 Ng7 40. Kg2
Nf5 41. Kf3 Nxh4+ 42. Kg4 Nf5 43. Bc2 Rxc2 44. Kf3 Ke7 45. Bf6+ Kd6 46. Kg2 d4
47. Kf3 d3 48. Ke4 d2 49. Be5+ Kc6 50. Kd3 d1=Q+ 51. Ke4 Re2+ 52. Kf3 Qd3+ 53.
Kg2 Nh4+ 54. Kg1 Qh3 55. f3 Qg2# 0-1

[Event "Junior Online 4NCL Division 4"]
[Site "online"]
[Date "2020.11.12"]
[Round "7.163"]
[White "Warren, Orla"]
[Black "Bagshaw, Freddie"]
[Result "1-0"]
[WhiteElo "1247"]
[BlackElo "1000"]
[PlyCount "147"]
[EventDate "2020.11.12"]
[WhiteTeam "Farnham Fantasticos"]
[BlackTeam "Muswell Hill Primary"]

1. d4 d5 2. Bf4 Nc6 3. e3 e6 4. Bd3 Nf6 5. Nf3 Be7 6. Nbd2 O-O 7. Ne5 Nb4 8. h4
a5 9. a3 Nxd3+ 10. Nxd3 Ng4 11. Qxg4 e5 12. Qe2 exf4 13. exf4 Bxh4 14. g3 Bf6
15. O-O-O Re8 16. Qh5 h6 17. f3 Bxd4 18. Rh4 Be3 19. g4 Ra6 20. g5 Rg6 21. gxh6
Rxh6 22. Qxh6 gxh6 23. Rxh6 Bxd2+ 24. Kxd2 Re6 25. Rg1+ Kf8 26. Rh8+ Ke7 27.
Rxd8 Kxd8 28. Rg8+ Kd7 29. f5 Rf6 30. Nc5+ Kc6 31. Rxc8 Kxc5 32. Rxc7+ Kb6 33.
Rd7 Rxf5 34. Ke3 f6 35. b4 axb4 36. axb4 Kc6 37. Re7 b5 38. f4 Kd6 39. Rb7 Kc6
40. Ra7 Kb6 41. Re7 Rh5 42. Rf7 f5 43. Kd3 Rh3+ 44. Kd4 Rh2 45. Kxd5 Rxc2 46.
Ke5 Rc4 47. Kxf5 Rxb4 48. Ke6 Rc4 49. f5 b4 50. f6 b3 51. Rf8 b2 52. f7 b1=Q
53. Rb8+ Kc7 54. Rxb1 Rf4 55. Ke7 Rxf7+ 56. Kxf7 Kd6 57. Re1 Kc5 58. Re4 Kd5
59. Re6 Kc5 60. Ke7 Kd5 61. Kd7 Kd4 62. Kd6 Kc4 63. Re5 Kd4 64. Rf5 Kc4 65. Rd5
Kc3 66. Kc5 Kb3 67. Rd4 Kc3 68. Kd5 Kb3 69. Rc4 Kb2 70. Kd4 Kb3 71. Kd3 Kb2 72.
Rc3 Ka2 73. Kc2 Ka1 74. Ra3# 1-0

[Event "Junior Online 4NCL Division 4"]
[Site "online"]
[Date "2020.11.12"]
[Round "7.164"]
[White "Gibbins, Finlay"]
[Black "Warnock, Oliver"]
[Result "0-1"]
[WhiteElo "1000"]
[BlackElo "1255"]
[PlyCount "40"]
[EventDate "2020.11.12"]
[WhiteTeam "Muswell Hill Primary"]
[BlackTeam "Farnham Fantasticos"]

1. e4 e5 2. Bc4 Nf6 3. d3 Nc6 4. Bg5 Be7 5. Be3 b6 6. Nh3 Bb7 7. Nc3 Nb4 8. Ng5
O-O 9. Qf3 d5 10. exd5 Nbxd5 11. Bxd5 Nxd5 12. Qe4 g6 13. Qxe5 Nxe3 14. Qxe3
Bxg5 15. f4 Re8 16. Nd1 Rxe3+ 17. Nxe3 Bxf4 18. Nf1 Qe8+ 19. Ne3 Qxe3+ 20. Kd1
Qd2# 0-1

[Event "Junior Online 4NCL Division 4"]
[Site "online"]
[Date "2020.11.12"]
[Round "7.165"]
[White "Man, Felix"]
[Black "Kammin, Samuel"]
[Result "0-1"]
[WhiteElo "940"]
[BlackElo "1697"]
[PlyCount "86"]
[EventDate "2020.11.12"]
[WhiteTeam "Muswell Hill Primary"]
[BlackTeam "Farnham Fantasticos"]

1. e4 c5 2. Bc4 e6 3. Nc3 Nc6 4. d3 Nf6 5. Nf3 d5 6. Bb5 d4 7. Ne2 Qb6 8. Bxc6+
Qxc6 9. O-O Bd6 10. c3 e5 11. cxd4 cxd4 12. Qb3 Be6 13. Qd1 O-O 14. Nd2 Rfc8
15. f4 Ng4 16. Nb3 f6 17. Ng3 Qc2 18. f5 Qxd1 19. Rxd1 Bf7 20. h3 Ne3 21. Bxe3
dxe3 22. Re1 Rc2 23. Rab1 Rac8 24. Rxe3 Bxb3 25. axb3 Bc5 26. Rbe1 Rxb2 27. Kh2
Bxe3 28. Rxe3 Rcc2 29. Kh1 Rxg2 30. Nf1 Rge2 31. Rf3 Rxb3 32. Ne3 Rb1+ 33. Nf1
a5 34. Kg1 a4 35. Kh1 a3 36. Kg1 a2 37. Kh1 a1=Q 38. Kg1 Ree1 39. Rf2 Rxf1+ 40.
Rxf1 Rxf1+ 41. Kh2 Rg1 42. d4 Qf1 43. dxe5 Qg2# 0-1

[Event "Junior Online 4NCL Division 4"]
[Site "online"]
[Date "2020.11.12"]
[Round "7.166"]
[White "Warren, Archie"]
[Black "Shetty, Ahan"]
[Result "1-0"]
[WhiteElo "1450"]
[BlackElo "1000"]
[PlyCount "95"]
[EventDate "2020.11.12"]
[WhiteTeam "Farnham Fantasticos"]
[BlackTeam "Muswell Hill Primary"]

1. d4 d5 2. Bf4 Nf6 3. e3 Bf5 4. c4 Nc6 5. Nc3 Nb4 6. Rc1 dxc4 7. Bxc4 Ne4 8.
Qb3 Nxc3 9. bxc3 Nd3+ 10. Bxd3 Bxd3 11. Nf3 Be4 12. Ng5 Bxg2 13. Qxf7+ Kd7 14.
Rg1 Bh3 15. Rg3 h6 16. Rxh3 Kc8 17. Qe6+ Qd7 18. Qxd7+ Kxd7 19. Ne4 g5 20. Be5
Rg8 21. Rg3 Rd8 22. Rb1 Kc8 23. Nc5 e6 24. Nxe6 Re8 25. Nxf8 Rexf8 26. Rb3 Rf5
27. Ke2 Rgf8 28. Rg2 h5 29. Rb2 h4 30. h3 g4 31. Rh2 gxh3 32. Ke1 Rf3 33. Bf4
Rg8 34. Kf1 Rg2 35. Rxg2 hxg2+ 36. Kxg2 h3+ 37. Kxf3 h2 38. Bxh2 Kd7 39. Rxb7
Kc6 40. Rxc7+ Kb6 41. e4 Kb5 42. e5 Kb6 43. e6 Kb5 44. e7 Kb6 45. d5 Kb5 46.
e8=Q+ Kb6 47. Qc6+ Ka5 48. Rxa7# 1-0

[Event "Junior Online 4NCL Division 4"]
[Site "online"]
[Date "2020.11.12"]
[Round "7.167"]
[White "Bagshaw, Freddie"]
[Black "Warren, Orla"]
[Result "1-0"]
[WhiteElo "1000"]
[BlackElo "1247"]
[PlyCount "125"]
[EventDate "2020.11.12"]
[WhiteTeam "Muswell Hill Primary"]
[BlackTeam "Farnham Fantasticos"]

1. e4 e6 2. Nf3 d5 3. e5 c5 4. Nc3 Nc6 5. Bb5 Bd7 6. d3 a6 7. Ba4 b5 8. Bb3 c4
9. dxc4 dxc4 10. Bxc4 bxc4 11. Bg5 f6 12. exf6 gxf6 13. Bh4 Qe7 14. O-O Qg7 15.
Nd2 Bc8 16. Nxc4 Bb7 17. Nd6+ Bxd6 18. Qxd6 Nce7 19. g3 Nc8 20. Qxe6+ Nce7 21.
Rad1 Rd8 22. Rfe1 Rxd1 23. Rxd1 Bc8 24. Qd6 Bh3 25. Qd8+ Kf7 26. Ne2 Qg4 27.
Rd2 Qf3 28. Nf4 Ng6 29. Rd7+ N8e7 30. Qc7 Bxd7 31. Qxd7 Nxf4 32. gxf4 Qxf4 33.
Bg3 Rg8 34. Kf1 Qc1+ 35. Kg2 Kg6 36. Qxe7 Qxc2 37. Qa3 Rd8 38. Qxa6 Qxb2 39.
Qa4 Rd2 40. Qg4+ Kf7 41. Qh5+ Ke6 42. Qe8+ Kd5 43. Qd8+ Kc4 44. Qc8+ Kd3 45.
Qf5+ Kc3 46. Qxf6+ Kb4 47. Qb6+ Kc4 48. Qc6+ Kd3 49. Qd5+ Kc2 50. Qf5+ Kd1 51.
Qxh7 Qxa2 52. Qh5+ Kc2 53. Qc5+ Kd1 54. Qh5+ Re2 55. Qd5+ Qd2 56. Qb3+ Kc1 57.
Qc4+ Kb2 58. Qb5+ Kc2 59. Qc5+ Qc3 60. Qf5+ Kd2 61. Bf4+ Ke1 62. Qb1+ Qc1 63.
Qxc1# 1-0

[Event "Junior Online 4NCL Division 4"]
[Site "online"]
[Date "2020.11.12"]
[Round "7.168"]
[White "Warnock, Oliver"]
[Black "Gibbins, Finlay"]
[Result "1-0"]
[WhiteElo "1255"]
[BlackElo "1000"]
[PlyCount "77"]
[EventDate "2020.11.12"]
[WhiteTeam "Farnham Fantasticos"]
[BlackTeam "Muswell Hill Primary"]

1. d4 Nc6 2. e4 e5 3. Nf3 Bb4+ 4. c3 Ba5 5. d5 Nce7 6. Nxe5 d6 7. Nf3 Bg4 8.
Nbd2 Nf6 9. h3 Bh5 10. Bd3 Qd7 11. O-O O-O 12. Re1 Ng6 13. e5 dxe5 14. Nxe5
Nxe5 15. Rxe5 Qd6 16. Rxh5 g6 17. Re5 Qxe5 18. Bc4 c6 19. Nf3 Qe4 20. Bg5 cxd5
21. Bd3 Qa4 22. b3 Qe8 23. Bxf6 Qc6 24. Be5 Qe6 25. Qe2 Qc6 26. Rc1 Qe6 27. b4
Bb6 28. c4 dxc4 29. Bxc4 Qf5 30. Bd3 Qg5 31. Nxg5 Bd8 32. Qg4 Bxg5 33. Qxg5
Rfc8 34. Rxc8+ Rxc8 35. Qh6 Rc1+ 36. Qxc1 Kf8 37. Qc8+ Ke7 38. Qc7+ Ke6 39.
Qd6# 1-0

[Event "Junior Online 4NCL Division 4"]
[Site "online"]
[Date "2020.11.12"]
[Round "7.171"]
[White "Spitz, Danny"]
[Black "Zhou, Sansan"]
[Result "1-0"]
[WhiteElo "900"]
[BlackElo "1337"]
[PlyCount "67"]
[EventDate "2020.11.12"]
[WhiteTeam "Coldfall Bishops"]
[BlackTeam "Barnet Knights C"]

1. c4 c5 2. Nc3 Nc6 3. Nf3 Nf6 4. d3 g6 5. g3 Bg7 6. Bg2 d5 7. cxd5 Nxd5 8. Bf4
Nxc3 9. bxc3 Bxc3+ 10. Bd2 Bxa1 11. Qxa1 O-O 12. Bh6 f6 13. Bxf8 Qxf8 14. O-O
Bg4 15. e3 Qd8 16. Qb1 Bxf3 17. Bxf3 Ne5 18. Bxb7 Rb8 19. Bd5+ Kf8 20. Qc2 Qxd5
21. f4 Nxd3 22. Rd1 c4 23. Kf1 Qc6 24. Rxd3 Rb2 25. Rd8+ Kf7 26. Qxb2 Qh1+ 27.
Kf2 Qc6 28. h4 g5 29. hxg5 fxg5 30. fxg5 Kg6 31. Rg8+ Kh5 32. Qc1 c3 33. Qf1 c2
34. Qh3# 1-0

[Event "Junior Online 4NCL Division 4"]
[Site "online"]
[Date "2020.11.12"]
[Round "7.172"]
[White "Ethelontis, Elena"]
[Black "Balint-Kurti, Raphael"]
[Result "1-0"]
[WhiteElo "1292"]
[BlackElo "977"]
[PlyCount "35"]
[EventDate "2020.11.12"]
[WhiteTeam "Barnet Knights C"]
[BlackTeam "Coldfall Bishops"]

1. d4 c5 2. c3 e5 3. dxe5 Nc6 4. Nf3 c4 5. e3 Bc5 6. Bxc4 Qe7 7. b4 Bb6 8. O-O
Nxe5 9. Bb2 Nxc4 10. Bc1 Nf6 11. Na3 Nxa3 12. Bxa3 O-O 13. Qb3 Re8 14. b5 Qe4
15. Ng5 h5 16. Qxf7+ Kh8 17. Nxe4 d5 18. Nxf6 1-0

[Event "Junior Online 4NCL Division 4"]
[Site "online"]
[Date "2020.11.12"]
[Round "7.173"]
[White "Haga, Xander"]
[Black "Vyas, Rayaan"]
[Result "0-1"]
[WhiteElo "857"]
[BlackElo "1255"]
[PlyCount "126"]
[EventDate "2020.11.12"]
[WhiteTeam "Coldfall Bishops"]
[BlackTeam "Barnet Knights C"]

1. e4 c5 2. Nf3 d6 3. d4 cxd4 4. Nxd4 Nf6 5. Nc3 g6 6. Bc4 Bg7 7. O-O O-O 8.
Nd5 Nxe4 9. Re1 Nf6 10. Nxf6+ Bxf6 11. Be3 Bd7 12. c3 Nc6 13. Nxc6 Bxc6 14. Bd4
Bxd4 15. cxd4 d5 16. Be2 e6 17. Bf3 Qb6 18. Rb1 Qa5 19. a3 Ba4 20. Qc1 Rac8 21.
Qe3 Bc2 22. Ra1 Rc4 23. b3 Rc3 24. Qd2 Bxb3 25. Reb1 Bc2 26. Rxb7 Bf5 27. Rb4
Rxa3 28. Rxa3 Qxa3 29. Qb2 Qd3 30. Be2 Qe4 31. f3 Qe3+ 32. Kf1 Rc8 33. Rb8 Rxb8
34. Qxb8+ Kg7 35. Qxa7 Qc1+ 36. Kf2 Qh1 37. h3 Qh2 38. Bf1 Bxh3 39. Ke3 Qg1+
40. Ke2 Bxg2 41. Bxg2 Qxg2+ 42. Ke3 Qg5+ 43. Kf2 Qd2+ 44. Kg3 Qe1+ 45. Kf4 Qd2+
46. Kg3 h5 47. Qa1 Qg5+ 48. Kf2 h4 49. Qh1 Qg3+ 50. Kf1 h3 51. Ke2 h2 52. Qf1
Qg1 53. Qxg1 hxg1=Q 54. Kd3 g5 55. Ke2 f5 56. Kd3 g4 57. f4 g3 58. Ke2 g2 59.
Kf3 Qf1+ 60. Ke3 g1=Q+ 61. Kd2 Qf3 62. Kc2 Qgg2+ 63. Kc1 Qff1# 0-1

[Event "Junior Online 4NCL Division 4"]
[Site "online"]
[Date "2020.11.12"]
[Round "7.174"]
[White "O'Donnell, Elliot"]
[Black "Agasee, Emilio"]
[Result "1-0"]
[WhiteElo "1247"]
[BlackElo "900"]
[PlyCount "35"]
[EventDate "2020.11.12"]
[WhiteTeam "Barnet Knights C"]
[BlackTeam "Coldfall Bishops"]

1. d4 e6 2. Nc3 d5 3. Bf4 Bb4 4. Nf3 Nc6 5. a3 Bxc3+ 6. bxc3 Nf6 7. Bg5 h6 8.
Bh4 g5 9. Bg3 g4 10. Ne5 Nxe5 11. Bxe5 O-O 12. Qd2 Kh7 13. f3 gxf3 14. exf3 b6
15. Bd3+ Kg7 16. Qf4 Qd7 17. Qxf6+ Kg8 18. Qg7# 1-0

[Event "Junior Online 4NCL Division 4"]
[Site "online"]
[Date "2020.11.12"]
[Round "7.176"]
[White "Balint-Kurti, Raphael"]
[Black "Ethelontis, Elena"]
[Result "0-1"]
[WhiteElo "977"]
[BlackElo "1292"]
[PlyCount "64"]
[EventDate "2020.11.12"]
[WhiteTeam "Coldfall Bishops"]
[BlackTeam "Barnet Knights C"]

1. e4 e5 2. Bc4 Nf6 3. Nf3 Nc6 4. Nc3 d6 5. O-O Bd7 6. h3 h6 7. Qe2 Qe7 8. Re1
O-O-O 9. d3 g5 10. Bd2 Kb8 11. Rad1 Na5 12. Bb5 Bxb5 13. Nxb5 Qd7 14. d4 Nc6
15. Bc3 g4 16. hxg4 exd4 17. Bxd4 Nxd4 18. Rxd4 Qxg4 19. Qc4 Rc8 20. Qa4 a6 21.
Nxd6 Bxd6 22. e5 Qg6 23. exd6 cxd6 24. Rxd6 h5 25. Ne5 Qg7 26. Rxa6 bxa6 27.
Qxa6 Kc7 28. Qc6+ Kd8 29. Rd1+ Ke7 30. g4 hxg4 31. Nxg4 Rxc6 32. Re1+ Kf8 0-1

[Event "Junior Online 4NCL Division 4"]
[Site "online"]
[Date "2020.11.12"]
[Round "7.177"]
[White "Vyas, Rayaan"]
[Black "Haga, Xander"]
[Result "0-1"]
[WhiteElo "1255"]
[BlackElo "857"]
[PlyCount "26"]
[EventDate "2020.11.12"]
[WhiteTeam "Barnet Knights C"]
[BlackTeam "Coldfall Bishops"]

1. e4 e5 2. Nf3 Nc6 3. Bc4 Nd4 4. d3 Bd6 5. Ng5 Nf6 6. Nxf7 Qe7 7. Nxh8 g6 8.
Nf7 Bc5 9. Bg5 d6 10. Nc3 Be6 11. Bxf6 Qxf6 12. Bxe6 Nxe6 13. Nh6 Qxf2# 0-1

[Event "Junior Online 4NCL Division 4"]
[Site "online"]
[Date "2020.11.12"]
[Round "7.178"]
[White "Agasee, Emilio"]
[Black "O'Donnell, Elliot"]
[Result "0-1"]
[WhiteElo "900"]
[BlackElo "1247"]
[PlyCount "50"]
[EventDate "2020.11.12"]
[WhiteTeam "Coldfall Bishops"]
[BlackTeam "Barnet Knights C"]

1. e4 c5 2. Nf3 Nc6 3. d4 cxd4 4. Nxd4 Nf6 5. Nxc6 bxc6 6. e5 Nd5 7. c4 Nb6 8.
c5 Nd5 9. Bc4 Qa5+ 10. Bd2 Qxc5 11. Bxd5 Qxd5 12. Bf4 Qxg2 13. Rf1 Ba6 14. Qc2
Qxf1+ 15. Kd2 Qe2+ 16. Kc3 Qc4+ 17. Kd2 Qxf4+ 18. Kc3 Qxe5+ 19. Kd2 Qd4+ 20.
Ke1 e6 21. Nc3 Bc5 22. Rd1 Qe5+ 23. Ne2 Bb4+ 24. Kf1 Qxh2 25. Qa4 Qh1# 0-1

[Event "Junior Online 4NCL Division 4"]
[Site "online"]
[Date "2020.11.12"]
[Round "7.181"]
[White "Bredenoord, Conrad"]
[Black "Payne, Luca"]
[Result "1-0"]
[WhiteElo "1105"]
[BlackElo "1007"]
[PlyCount "89"]
[EventDate "2020.11.12"]
[WhiteTeam "Surbiton Juniors D"]
[BlackTeam "The Hall 3"]

1. e4 e5 2. Nf3 Nc6 3. Bb5 Nf6 4. O-O Nxe4 5. Re1 Nf6 6. Bxc6 dxc6 7. Nxe5 Be6
8. Nc3 Bd6 9. d4 Bxe5 10. dxe5 Qxd1 11. Nxd1 Nd7 12. Bg5 O-O 13. Nc3 h6 14. Be7
Rfe8 15. Bb4 c5 16. Nb5 Bd5 17. Nxc7 cxb4 18. Nxe8 Rxe8 19. Rad1 Nxe5 20. Rxd5
Nf3+ 21. gxf3 Rxe1+ 22. Kg2 Re2 23. Rd7 Rxc2 24. Rxb7 Rxb2 25. Rxa7 Rb1 26. a4
bxa3 27. Rxa3 Kf8 28. f4 Ke7 29. Kf3 Rb5 30. Ke4 Ke6 31. f5+ Rxf5 32. Ra6+ Ke7
33. Kxf5 g6+ 34. Ke5 f5 35. Rxg6 h5 36. Kxf5 Kf7 37. Rg2 Ke7 38. Kg5 Kf7 39.
Kxh5 Kf6 40. Kg4 Kg6 41. Kf4+ Kh6 42. Kf5 Kh7 43. Rg3 Kh6 44. f3 Kh5 45. Rh3#
1-0

[Event "Junior Online 4NCL Division 4"]
[Site "online"]
[Date "2020.11.12"]
[Round "7.182"]
[White "Agarwal, Mihir"]
[Black "Connolly-Eich, Bruno"]
[Result "1-0"]
[WhiteElo "1037"]
[BlackElo "1150"]
[PlyCount "57"]
[EventDate "2020.11.12"]
[WhiteTeam "The Hall 3"]
[BlackTeam "Surbiton Juniors D"]

1. e4 e5 2. Nf3 Nc6 3. Nc3 Bc5 4. Bc4 Nf6 5. O-O O-O 6. d3 a6 7. Qe2 b5 8. Bb3
d6 9. Bd5 Nxd5 10. exd5 Nb4 11. d4 Ba7 12. dxe5 Bg4 13. exd6 Qxd6 14. Ne4 Qxd5
15. Bh6 gxh6 16. Nf6+ Kh8 17. Nxd5 Nxd5 18. Qe5+ Kg8 19. Qxd5 Rad8 20. Qe4 Bxf3
21. Qxf3 Rde8 22. Qg4+ Kh8 23. Qh5 Kg7 24. Rae1 Rxe1 25. Rxe1 a5 26. Qxb5 c5
27. Qxa5 Bb8 28. Qxc5 Rc8 29. Qxc8 1-0

[Event "Junior Online 4NCL Division 4"]
[Site "online"]
[Date "2020.11.12"]
[Round "7.183"]
[White "New, Felix"]
[Black "Bahl, Arkin"]
[Result "1-0"]
[WhiteElo "962"]
[BlackElo "1022"]
[PlyCount "49"]
[EventDate "2020.11.12"]
[WhiteTeam "Surbiton Juniors D"]
[BlackTeam "The Hall 3"]

1. e4 e5 2. Nf3 Nc6 3. Nc3 Nf6 4. Bc4 Bc5 5. h3 d6 6. Ng5 O-O 7. Nxf7 Rxf7 8.
Bxf7+ Kxf7 9. d3 Nh5 10. Qxh5+ g6 11. Qxh7+ Ke6 12. Qxg6+ Qf6 13. Qg8+ Qf7 14.
Qg4+ Ke7 15. Bg5+ Kf8 16. Bh6+ Ke7 17. Qg5+ Qf6 18. Nd5+ Ke6 19. Qxf6+ Kd7 20.
Qf7+ Ne7 21. Qxe7+ Kc6 22. Qxc7+ Kb5 23. c4+ Ka6 24. b4 Bxb4+ 25. Nxb4# 1-0

[Event "Junior Online 4NCL Division 4"]
[Site "online"]
[Date "2020.11.12"]
[Round "7.184"]
[White "Litvin, Theo"]
[Black "Shah, Lemar"]
[Result "1-0"]
[WhiteElo "760"]
[BlackElo "925"]
[PlyCount "79"]
[EventDate "2020.11.12"]
[WhiteTeam "The Hall 3"]
[BlackTeam "Surbiton Juniors D"]

1. e4 e5 2. Bc4 d6 3. Nf3 Be6 4. d3 Bxc4 5. dxc4 Nc6 6. Nc3 Nd4 7. Nxd4 exd4 8.
Qxd4 Qf6 9. Be3 Qxd4 10. Bxd4 Be7 11. O-O-O Bf6 12. Bxf6 Nxf6 13. Rd3 Ke7 14.
Rhd1 Rad8 15. Nb5 Nd7 16. Nxc7 Nf6 17. Nd5+ Nxd5 18. exd5 f6 19. Re1+ Kd7 20.
Rde3 Rde8 21. Rxe8 Rxe8 22. Rxe8 Kxe8 23. Kd2 Kd7 24. Ke3 Kc7 25. Kd4 Kb6 26.
b4 a5 27. c5+ dxc5+ 28. bxc5+ Kc7 29. d6+ Kd7 30. Kd5 a4 31. f4 g5 32. fxg5
fxg5 33. Ke5 Kc6 34. Ke6 Kxc5 35. d7 b5 36. d8=Q b4 37. Qd5+ Kb6 38. Kd6 b3 39.
Qc5+ Ka6 40. Kc6 1-0

[Event "Junior Online 4NCL Division 4"]
[Site "online"]
[Date "2020.11.12"]
[Round "7.185"]
[White "Payne, Luca"]
[Black "Bredenoord, Conrad"]
[Result "0-1"]
[WhiteElo "1007"]
[BlackElo "1105"]
[PlyCount "66"]
[EventDate "2020.11.12"]
[WhiteTeam "The Hall 3"]
[BlackTeam "Surbiton Juniors D"]

1. e4 e5 2. Nf3 Nc6 3. Bc4 Nf6 4. Ng5 Bc5 5. Nxf7 Bxf2+ 6. Kf1 Qe7 7. Nxh8 d5
8. exd5 Na5 9. Bb5+ c6 10. dxc6 bxc6 11. Ba4 Bg4 12. Kxf2 Bxd1 13. Rxd1 Ne4+
14. Ke3 Nc5 15. b4 Nc4+ 16. Ke2 Nxa4 17. d3 Ncb2 18. Bxb2 Nxb2 19. Rf1 Qg5 20.
Rf2 Qg4+ 21. Ke3 Nd1+ 22. Kd2 Nxf2 23. Nc3 Qxg2 24. Ke3 Nd1+ 25. Rxd1 Qxc2 26.
Rf1 Qxc3 27. Nf7 Qd4+ 28. Ke2 Qg4+ 29. Rf3 Qg2+ 30. Rf2 Qg4+ 31. Rf3 Qxb4 32.
Nxe5 Qb2+ 33. Kf1 Qxe5 0-1

[Event "Junior Online 4NCL Division 4"]
[Site "online"]
[Date "2020.11.12"]
[Round "7.186"]
[White "Connolly-Eich, Bruno"]
[Black "Agarwal, Mihir"]
[Result "0-1"]
[WhiteElo "1150"]
[BlackElo "1037"]
[PlyCount "26"]
[EventDate "2020.11.12"]
[WhiteTeam "Surbiton Juniors D"]
[BlackTeam "The Hall 3"]

1. e4 e5 2. Nf3 Nc6 3. Bc4 Nf6 4. Ng5 d5 5. exd5 Nxd5 6. d3 Be7 7. Qf3 O-O 8.
Bxd5 Bxg5 9. Bxg5 Qxg5 10. Nc3 Nd4 11. O-O Nxf3+ 12. Bxf3 Bg4 13. h3 Bxf3 0-1

[Event "Junior Online 4NCL Division 4"]
[Site "online"]
[Date "2020.11.12"]
[Round "7.187"]
[White "Bahl, Arkin"]
[Black "New, Felix"]
[Result "0-1"]
[WhiteElo "1022"]
[BlackElo "962"]
[PlyCount "88"]
[EventDate "2020.11.12"]
[WhiteTeam "The Hall 3"]
[BlackTeam "Surbiton Juniors D"]

1. e4 e5 2. Nf3 Nc6 3. Nc3 Nf6 4. Bc4 h6 5. d3 Bc5 6. Be3 Bxe3 7. fxe3 d6 8.
O-O Bg4 9. h3 Bxf3 10. gxf3 Qd7 11. f4 exf4 12. exf4 Qxh3 13. Rf3 Qg4+ 14. Kf2
Nd4 15. Ne2 Qxf3+ 16. Ke1 Nxe2 17. Qxe2 Qxf4 18. Qf2 Qe5 19. d4 Qxe4+ 20. Kf1
Rf8 21. Bd3 Qe6 22. Bb5+ c6 23. Ba4 Ng4 24. Qg3 Qf5+ 25. Ke1 Qe4+ 26. Kd1 Qxd4+
27. Ke2 Qxa4 28. Re1 Qxc2+ 29. Kf3+ Ne5+ 30. Ke3 Qd3+ 31. Kf2 Qf5+ 32. Kg2 Qc2+
33. Qf2 Qg6+ 34. Kf1 Qd3+ 35. Re2 Qd1+ 36. Re1 Qd5 37. Qg2 Qxa2 38. Qxg7 Qxb2
39. Kg1 Qd4+ 40. Kh1 O-O-O 41. Qg2 Qh4+ 42. Qh2 Qxe1+ 43. Qg1 Qxg1+ 44. Kxg1
Rg8+ 0-1

[Event "Junior Online 4NCL Division 4"]
[Site "online"]
[Date "2020.11.12"]
[Round "7.188"]
[White "Shah, Lemar"]
[Black "Litvin, Theo"]
[Result "0-1"]
[WhiteElo "925"]
[BlackElo "760"]
[PlyCount "40"]
[EventDate "2020.11.12"]
[WhiteTeam "Surbiton Juniors D"]
[BlackTeam "The Hall 3"]

1. d4 d5 2. e3 Bf5 3. Bd3 Bg6 4. Bxg6 hxg6 5. Nc3 Nf6 6. Nf3 Nc6 7. Ne5 Nxe5 8.
dxe5 Ne4 9. Nxe4 dxe4 10. Qxd8+ Rxd8 11. f4 Rh5 12. b3 f6 13. exf6 exf6 14. Bb2
Rhd5 15. Bd4 Bb4+ 16. Ke2 c5 17. Bb2 Rd2+ 18. Kf1 Rd1+ 19. Rxd1 Rxd1+ 20. Kf2
Rxh1 0-1

[Event "Junior Online 4NCL Division 4"]
[Site "online"]
[Date "2020.11.12"]
[Round "7.191"]
[White "Bagchi, Aadi"]
[Black "Sukumar, Vishnu"]
[Result "0-1"]
[WhiteElo "1075"]
[BlackElo "1000"]
[PlyCount "43"]
[EventDate "2020.11.12"]
[WhiteTeam "May The Fork Be With You 7"]
[BlackTeam "Surbiton Juniors E"]

1. e4 e5 2. Nf3 Nc6 3. Bc4 Nf6 4. Ng5 Bc5 5. Nxf7 Qe7 6. Nxh8 Nxe4 7. O-O Nxf2
8. Rxf2 Bxf2+ 9. Kxf2 d6 10. Nf7 Be6 11. Bxe6 Qxe6 12. Ng5 Qf5+ 13. Ke1 Qxg5
14. d4 Qh4+ 15. g3 Qxh2 16. dxe5 Qxg3+ 17. Kf1 dxe5 18. Bd2 O-O-O 19. Nc3 Rf8+
20. Ke2 Qf2+ 21. Kd3 Rd8+ 22. Ke4 0-1